Library Banner

Methods: (Record no. 25059)

MARC details
000 -LEADER
fixed length control field 00433nam a2200169Ia 4500
001 - CONTROL NUMBER
control field 24873
008 - FIXED-LENGTH DATA ELEMENTS--GENERAL INFORMATION
fixed length control field 140411s9999 xx 000 0 und d
020 ## - INTERNATIONAL STANDARD BOOK NUMBER
International Standard Book Number 0-223-29884-0
040 ## - CATALOGING SOURCE
Transcribing agency PK-LaUMT
082 ## - DEWEY DECIMAL CLASSIFICATION NUMBER
Classification number 268
Item number BAB-M
100 ## - MAIN ENTRY--PERSONAL NAME
Personal name Pierre Babin
245 ## - TITLE STATEMENT
Title Methods:
Remainder of title approaches for the catechesis of adolescents
Statement of responsibility, etc Pierre Babin
260 ## - PUBLICATION, DISTRIBUTION, ETC. (IMPRINT)
Place of publication, distribution, etc London,UK:
Name of publisher, distributor, etc Burns & Oates,
Date of publication, distribution, etc 1967
300 ## - PHYSICAL DESCRIPTION
Extent 187 p.
546 ## - LANGUAGE NOTE
Language note EN
942 ## - ADDED ENTRY ELEMENTS (KOHA)
Koha item type Books
Holdings
Withdrawn status Lost status Damaged status Not for loan Home library Current library Date acquired Total Checkouts Full call number Barcode Date last seen Price effective from Koha item type
        UMT Main Campus UMT Main Campus 2014-04-11   268 BAB-M 27203 2014-04-24 2014-04-24 Books